000 00769 a2200217 4500
003 MN-UlNLM
005 20220722164615.0
008 a130t1992 mp ||||| |||| 00| 0 mon d
040 _aМонгол Улсын Үндэсний номын сан
084 _a84.5Ид
_2NNA
_bЭ 67
_q84
245 0 _aЭнэтхэг үлгэрүүд
_cОрч. Л.Алтанхуяг
250 _a1
260 1 _c1992
_aУБ
_bУлсын стандарт, үнийн жагсаалт ХГ
300 _a16x
546 _aMongolia
653 _aУран зохиол
740 _aТусыг үл умартагч заан
_aХосгүй нэгэн харваач
_aХулганад идүүлсэн анжисны хушуу
856 _aprintbook
942 _cBK
999 _c52025
_d52025